banner koha

Modelagem do desenvolvimento do trigo considerando diferentes temperaturas cardinais e métodos de cálculo da função de resposta à temperatura (Registro n. 210785)

MARC details
000 -LÍDER
campo de controle de tamanho fixo 00996nas a2200313 4500
001 - NÚMERO DE CONTROLE
campo de controle BR2011000296
003 - IDENTIFICADOR DO NÚMERO DE CONTROLE
campo de controle BR-BrBNA
005 - DATA E HORÁRIO DA ÚLTIMA TRANSAÇÃO
campo de controle 20231205114837.0
007 - CAMPO FIXO DE DESCRIÇÃO FÍSICA--INFORMAÇÃO GERAL
campo de controle de tamanho fixo ta
008 - CAMPO DE DADOS FIXOS--INFORMAÇÃO GERAL
campo de controle de tamanho fixo 230509b bl.|||p| |||| 00| 00por d
040 ## - FONTE DA CATALOGAÇÃO
Instituição da catalogação original BR-BrBNA
Idioma da catalogação por
Instituição que transcreveu o registro Biblioteca Nacional de Agricultura
041 ## - CÓDIGO DE IDIOMA
Código do idioma do texto/trilha sonora ou título diferente (Pt)
072 ## - CÓDIGO DE CATEGORIA DE ASSUNTO
Código de Categoria de Assunto F40; P40
100 1# - ENTRADA PRINCIPAL--NOME PESSOAL
Nome pessoal Alberto, C.M.
100 1# - ENTRADA PRINCIPAL--NOME PESSOAL
Nome pessoal Streck, N.A.
100 1# - ENTRADA PRINCIPAL--NOME PESSOAL
Nome pessoal Walter, L.C.
100 1# - ENTRADA PRINCIPAL--NOME PESSOAL
Nome pessoal Rosa, H.T.
100 1# - ENTRADA PRINCIPAL--NOME PESSOAL
Nome pessoal Menezes, N.L. de
100 1# - ENTRADA PRINCIPAL--NOME PESSOAL
Nome pessoal Heldwein, A.B.
245 1# - TÍTULO
Título Modelagem do desenvolvimento do trigo considerando diferentes temperaturas cardinais e métodos de cálculo da função de resposta à temperatura
650 ## - ASSUNTO--TERMO TÓPICO
Cabeçalho tópico ou nome geográfico TRIGO
650 ## - ASSUNTO--TERMO TÓPICO
Cabeçalho tópico ou nome geográfico TRITICUM AESTIVUM
650 ## - ASSUNTO--TERMO TÓPICO
Cabeçalho tópico ou nome geográfico FENOLOGIA
650 ## - ASSUNTO--TERMO TÓPICO
Cabeçalho tópico ou nome geográfico VARIAÇÃO GÉNETICA
650 ## - ASSUNTO--TERMO TÓPICO
Cabeçalho tópico ou nome geográfico TEMPERATURA
773 0# - ENTRADA ANALÍTICA
Título Pesquisa Agropecuária Brasileira (Brazil)
ISSN - International Standard Serial Number ISSN 0100-204X
Partes relacionadas (Jun 2009), v. 44(6) p. 545-553
Número de controle do registro BR2011000296
909 ## -
-- 202311
-- Lúcia
-- 55
-- Lúcia Elande
942 ## - ELEMENTOS DE ENTRADA ADICIONADOS (KOHA)
Fonte da classificação ou esquema de arquivamento na estante Classificação AGRIS
Ocultar no OPAC Não
Tipo de material Koha Analítica
Exemplares
Situação do descarte Fonte da classificação ou esquema de arquivamento na estante Situação física Não pode ser emprestado Biblioteca de origem Biblioteca atual Localização na estante Enumeração do periódico / cronologia Total de empréstimos Data de último acesso Número do exemplar Tipo de material Koha Fonte de aquisição
  Classificação AGRIS   Consulta local Biblioteca Nacional de Agricultura - Binagri Biblioteca Nacional de Agricultura - Binagri   (Jun 2009), v. 44(6) p. 545-553   29/11/2023 01 Periódicos Portaria Interministerial nº 164/94

BINAGRI

Telefone: (61)3218-2567/2388/3357/2097 - binagri@agro.gov.br

Ministério da Agricultura e Pecuária , Esplanada dos Ministérios, Bloco D, Anexo B, Brasília/DF, CEP: 70.043-900